header

Understanding educational leadership (Record no. 132580)

MARC details
000 -LEADER
fixed length control field 01313nam a2200349Ia 4500
082 04 - DEWEY DECIMAL CLASSIFICATION NUMBER
Classification number 371.2011
100 1# - MAIN ENTRY--AUTHOR NAME
Personal name Busher, Hugh.
245 10 - TITLE STATEMENT
Title Understanding educational leadership
260 ## - PUBLICATION, DISTRIBUTION, ETC. (IMPRINT)
Place of publication Maidenhead :
Name of publisher Open University Press,
Year of publication 2006.
300 ## - PHYSICAL DESCRIPTION
Number of Pages vii, 189 p.
650 #0 - SUBJECT ADDED ENTRY--TOPICAL TERM
Topical Term Educational leadership.
Topical Term School management and organization.
856 40 - ELECTRONIC LOCATION AND ACCESS
Uniform Resource Identifier http://site.ebrary.com/lib/rucke/Doc?id=10161317

No items available.

© 2026 Rongo University
Contact us: librarian | system librarian | Rongo university